=LDR 00000nam 2200000 4500 =001 INLIS000000000030698 =005 20130612132825 =008 ***********************************Ind** =035 ##$$a0010-061300000030698 =041 ##$$a Ind =082 ##$$a 028.5 =090 ##$$a 028.5, Sup a =100 ##$$a Supardi, Bahrudin =245 ##$$a Azab untuk Sademin kisah nabi Luth, Bahrudin Supardi =260 ##$$a 2007 $b Bandung =300 ##$$a 35 hlm, ilus, 28 cm =650 ##$$a Bacaan kanak-kanak =850 ##$$a NBPNMAT =990 ##$$a 0001/BPAP-NTB/20142014